The United States in Greek - Statistics

General Stats
  • This quiz has been taken 15 times
  • The average score is 40 of 50
Answers on the Map
Answers color-coded by a green-red scale on the quiz's map according to % correct below.
 
Answer Stats
Answer % Correct
Alaska
100%
California
100%
Minnesota
100%
Arkansas
92%
Connecticut
92%
Iowa
92%
New Jersey
92%
New Mexico
92%
New York
92%
North Carolina
92%
North Dakota
92%
Oklahoma
92%
Oregon
92%
Pennsylvania
92%
Alabama
85%
Illinois
85%
Kansas
85%
Kentucky
85%
Maine
85%
Maryland
85%
Michigan
85%
Montana
85%
Nebraska
85%
New Hampshire
85%
Ohio
85%
Texas
85%
Vermont
85%
Arizona
77%
Colorado
77%
Florida
77%
Hawaii
77%
Indiana
77%
Nevada
77%
South Dakota
77%
Tennessee
77%
West Virginia
77%
Massachusetts
69%
Mississippi
69%
South Carolina
69%
Virginia
69%
Delaware
62%
Idaho
62%
Louisiana
62%
Missouri
62%
Utah
62%
Washington
62%
Wisconsin
62%
Wyoming
62%
Georgia
54%
Rhode Island
54%
No matching quizzes found
Score Distribution
Percent of People with Each Score
Percentile by Number Answered
Your Score History
You have not taken this quiz